| 000 | 01050nam a2200241 a 4500 | ||
|---|---|---|---|
| 005 | 20200104041610.0 | ||
| 008 | 140128b2006 ck ||||| |||| 00| 0 spa d | ||
| 040 | _cCO-BoIH | ||
| 041 | _aspa | ||
| 044 | _ack | ||
| 090 |
_aIAVH _b00885 |
||
| 100 |
_aSuárez Jiménez, Martha Cecilia _95529 |
||
| 245 | _aCaracterización de la agrobiodiversidad existente en unidades de producción tradicional en la šCuenca del río Otúnš, Risaralda - CEAN | ||
| 260 |
_aBogotá _bInstituto Alexander von Humboldt _c2006 |
||
| 300 | _a125 p. | ||
| 520 | _aPresenta los principales hallazgos sobre los principales factores sociales, culturales, institucionales y económicos que facilitan u obstaculizan la conservación y el uso sostenible de la biodiversidad en paisajes rurales de la Cuenca del río Otún en el departamento de Risaralda | ||
| 650 |
_aCaracterización _992456 |
||
| 650 |
_aAgroecología _9230 |
||
| 650 |
_aPaisajes rurales _92419 |
||
| 662 |
_aColombia _ccuenca río Otún _bRisaralda |
||
| 942 |
_cINFORME _2z _01 |
||
| 945 | _d2008-08-22 | ||
| 999 |
_c6480 _d6480 |
||